000 00644nam a2200241Ia 4500
003 OSt
005 20221007063052.0
006 a|||||r|||| 00| 0
007 ta
008 221006b |||||||| |||| 00| 0 eng d
024 _a29,004
037 _cTextual
040 _aFLL
_cFLL
_beng
041 _2eng
_aeng
082 _aZQ2, J9;8
100 _aMulla Sir Dinshah Fardunji
_9683756
245 0 _aPrinciples of Hindu law
250 _a12th
260 _aBombay
_bN.M. Tripathi Pvt. Ltd. India
_c1960
300 _alx,306p
_ccm.
942 _hZQ2, J9;8
_cTEXL
_2CC
999 _c1130282
_d1130282